| 000 | 00366cam a22001217a 4500 | ||
|---|---|---|---|
| 008 | 180718b1980 xxu||||| |||| 00| 0 eng d | ||
| 082 | _aA6x5401 D26 | ||
| 100 | _aDas, Sukla | ||
| 245 |
_aSocio-economic life of northern India: C.A.D. 550 ro A.D. 650 _cby Sukla Das |
||
| 260 |
_aNew Delhi _bAbhinav _c1980 |
||
| 300 | _a413p. | ||
| 650 | _aIndia - History - to 1200 A.D. | ||
| 999 |
_c343511 _d343511 |
||